El coronel no tiene quien le escriba
Uloženo v:
| Hlavní autor: | |
|---|---|
| Médium: | Kniha |
| Jazyk: | španělština |
| Vydáno: |
Madrid
Alianza
1995
|
| Edice: | Alianza Cien, 14
|
| Témata: | |
| Tagy: |
Přidat tag
Žádné tagy, Buďte první, kdo vytvoří štítek k tomuto záznamu!
|
MARC
| LEADER | 00000nam a2200000 a 4500 | ||
|---|---|---|---|
| 001 | UCH5610 | ||
| 003 | CL-VaPUC | ||
| 008 | 091014e19950000SP |||||||||||||||||spa|d | ||
| 020 | |a 8420646148 | ||
| 082 | 0 | 4 | |a Co863 |b GAR |2 21 |
| 100 | 0 | |a García Márquez, Gabriel |e author |9 318478 | |
| 245 | 1 | 3 | |a El coronel no tiene quien le escriba |
| 300 | |a 95 p | ||
| 942 | |c BK | ||
| 945 | |d 20091014 00:00:00 |a lazolas | ||
| 260 | |a Madrid |b Alianza |c 1995 | ||
| 650 | 0 | |a Novelas colombianas |9 266734 | |
| 650 | 0 | |a Literatura colombiana |9 315578 | |
| 583 | |a last modification |c 20091014 00:00:00 |k Rodrigo Vera | ||
| 490 | 0 | |a Alianza Cien, 14 | |
| 999 | |c 336720 |d 336718 | ||